[Event "ICS rated blitz match"]
[Site "207.99.5.190"]
[Date "1999.03.05"]
[Round "?"]
[White "marik"]
[Black "Hossa"]
[Result "0-1"]
[WhiteElo "2070"]
[BlackElo "2321"]
[PlyCount "40"]

1. e4 c5 2. Nf3 Nf6 3. e5 Nd5 4. Nc3 Nxc3 5. dxc3 Qc7 6. Bc4 Nc6 7. O-O Nxe5 8.
Nxe5 Qxe5 9. f4 Qe4 10. Bd5 Qf5 11. g4 Qg6 12. f5 Qb6 13. c4 e6 14. Qe2 Be7 15.
b3 exd5 16. Re1 Qf6 17. Bb2 d4 18. g5 Qxg5+ 19. Kh1 b6 20. Qe4 20... Rb8 {
marik resigns} 0-1

[Event "ICS rated blitz match"]
[Site "207.99.5.190"]
[Date "1999.03.05"]
[Round "?"]
[White "Hossa"]
[Black "Fallen-Star"]
[Result "0-1"]
[WhiteElo "2324"]
[BlackElo "2294"]
[Annotator "Crafty v16.5"]
[PlyCount "78"]

{annotating for player Hossa using a scoring margin of +0.10 pawns. search
time limit is 20.00} 1. e4 1... Nf6 2. e5 Nd5 3. Nc3 Nxc3 4. dxc3 d5 5. Bf4 g6
6. Qf3 Bg7 7. O-O-O c6 8. c4 Be6 9. cxd5 cxd5 10. Bc4 O-O 11. Bxd5 Bxd5 12.
Rxd5 Qc7 13. Rd2 ({9:+0.29} 13. Rd2 13... Nc6 14. e6 Qb6 15. Qa3 fxe6 16. Nh3
Rad8 17. Rhd1 $10) ({9:+1.02} 13. Qe4 13... Na6 14. Ne2 e6 15. Rd6 Nc5 16. Qd4
Rad8 17. Rd1 $16) 13... Nc6 14. e6 Qa5 15. Qb3 fxe6 16. Qxe6+ Kh8 17. Be3 Nb4
18. c3 Rac8 19. Qxe7 Nxa2+ 20. Kb1 Nxc3+ 21. bxc3 Qxc3 22. Qxg7+ Qxg7 23. Bd4
Rf6 24. Nf3 Kg8 25. Bxf6 Qxf6 26. Re2 Qb6+ 27. Rb2 Qa6 28. Rd1 b5 29. Rd7 Qe6
30. Rxa7 Qe4+ 31. Ka2 b4 32. h4 Qc4+ 33. Ka1 Rd8 34. Rb1 Qc3+ 35. Ka2 Re8 36.
Rb2 b3+ 37. Ka1 Rd8 38. Nd4 Rxd4 39. g3 Rd1# 0-1

[Event "ICS rated blitz match"]
[Site "207.99.5.190"]
[Date "1999.03.05"]
[Round "?"]
[White "lunarlander"]
[Black "Hossa"]
[Result "0-1"]
[WhiteElo "2208"]
[BlackElo "2307"]
[PlyCount "65"]

1. e4 e5 2. Nf3 Nc6 3. Bb5 a6 4. Bxc6 dxc6 5. Nc3 Bg4 6. h3 Bxf3 7. Qxf3 Qf6 8.
Qxf6 Nxf6 9. d3 Bb4 10. Bd2 O-O 11. O-O-O Rad8 12. Rhf1 Rfe8 13. f4 Nd7 14.
fxe5 Nxe5 15. Ne2 Bxd2+ 16. Rxd2 f6 17. g4 c5 18. Ng3 a5 19. Nf5 c4 20. d4 Nf7
21. Ng3 Ng5 22. Rh2 Rxd4 23. h4 Nxe4 24. Nf5 Rdd8 25. Re1 Nd6 26. Ne7+ Kf7 27.
Rhe2 c6 28. g5 f5 29. h5 g6 30. hxg6+ hxg6 31. Rh1 Rh8 32. Rh6 Ne4 33. Rxh8 {
lunarlander resigns} 0-1

[Event "ICS rated blitz match"]
[Site "207.99.5.190"]
[Date "1999.03.05"]
[Round "?"]
[White "Hossa"]
[Black "lunarlander"]
[Result "1-0"]
[WhiteElo "2319"]
[BlackElo "2196"]
[PlyCount "44"]

1. e4 e6 2. d4 d5 3. Nc3 Nf6 4. e5 Nfd7 5. Nf3 c5 6. Bg5 Qb6 7. Bb5 Nc6 8. dxc5
Bxc5 9. O-O a6 10. Bxc6 Qxc6 11. Qe2 b5 12. Be3 Bb4 13. Bd2 Qc4 14. Qxc4 bxc4
15. Nxd5 Bxd2 16. Nc7+ Kd8 17. Nxa8 Bh6 18. Rad1 Ke7 19. Rd4 Bb7 20. Rfd1 Nb8
21. Rxc4 Nc6 22. Nb6 22... f6 {lunarlander resigns} 1-0

[Event "ICS rated blitz match"]
[Site "207.99.5.190"]
[Date "1999.03.05"]
[Round "?"]
[White "lunarlander"]
[Black "Hossa"]
[Result "0-1"]
[WhiteElo "2166"]
[BlackElo "2349"]
[PlyCount "54"]

1. e4 c5 2. Nc3 Nc6 3. g3 Nf6 4. Bg2 e5 5. d3 Be7 6. Nge2 O-O 7. O-O d6 8. Be3
Bg4 9. h3 Bd7 10. f4 Qc8 11. f5 Qc7 12. g4 Qd8 13. Ng3 Be8 14. g5 Nd7 15. h4 f6
16. Nd5 fxg5 17. Nxe7+ Nxe7 18. hxg5 Nc6 19. Qg4 Qb6 20. b3 Nd4 21. Rf2 Qa5 22.
g6 Qc3 23. Rc1 hxg6 24. fxg6 Rxf2 25. Bxf2 Qd2 26. Rf1 Nf6 27. Bxd4 27... Nxg4
{lunarlander resigns} 0-1

[Event "ICS rated blitz match"]
[Site "207.99.5.190"]
[Date "1999.03.05"]
[Round "?"]
[White "Hossa"]
[Black "TheGMNorm"]
[Result "1-0"]
[WhiteElo "2357"]
[BlackElo "2091"]
[PlyCount "143"]

1. e4 Nf6 2. e5 Nd5 3. Nc3 e6 4. Nxd5 exd5 5. Qf3 d4 6. Bc4 Qe7 7. Qe4 Nc6 8.
Nf3 d6 9. Bb5 Bd7 10. Nxd4 Nxd4 11. Bxd7+ Kxd7 12. Qxd4 Qxe5+ 13. Qxe5 dxe5 14.
Ke2 Bc5 15. d3 Rad8 16. Be3 Kc6 17. Rhb1 a5 18. h4 Rhe8 19. g4 f6 20. a4 Rd7
21. h5 g6 22. h6 g5 23. Kf3 Rg8 24. Bxc5 Kxc5 25. Ra3 Rd4 26. Rb3 b6 27. Rc3+
Kd6 28. Rc4 Rxc4 29. dxc4 Rg6 30. Rh1 Kc5 31. b3 Kd4 32. Ke2 Ke4 33. c3 f5 34.
gxf5 Kxf5 35. Ke3 e4 36. Rh2 Rd6 37. Ke2 Rd3 38. Rh1 Rxc3 39. Rd1 Rxb3 40. Rd7
Kg6 41. Rxc7 Kxh6 42. c5 bxc5 43. Rxc5 Kh5 44. Rxa5 Kg4 45. Re5 Kf4 46. Re7
Rb2+ 47. Kf1 h5 48. Rc7 Ra2 49. Rf7+ Kg4 50. Rh7 Rxa4 51. Ke2 h4 52. Re7 Kf4
53. Rf7+ Ke5 54. Rf8 g4 55. Re8+ Kd5 56. Rd8+ Ke5 57. Re8+ Kf5 58. Rf8+ Kg5 59.
Rg8+ Kf5 60. Rf8+ Ke5 61. Re8+ Kd4 62. Rd8+ Kc3 63. Ke3 Ra2 64. Rg8 g3 65. fxg3
hxg3 66. Rxg3 Kc4 67. Rg8 Ra1 68. Kxe4 Kb3 69. Rb8+ Ka2 70. Kd3 Rd1+ 71. Kc2
Rh1 72. Ra8# {TheGMNorm checkmated} 1-0

[Event "ICS rated blitz match"]
[Site "207.99.5.190"]
[Date "1999.03.05"]
[Round "?"]
[White "kyu"]
[Black "Hossa"]
[Result "0-1"]
[WhiteElo "2170"]
[BlackElo "2363"]
[PlyCount "38"]

1. d4 Nf6 2. e3 e6 3. f4 Be7 4. Nf3 O-O 5. Bd3 d5 6. O-O b6 7. c3 Ba6 8. Bxa6
Nxa6 9. Qd3 Nb8 10. b3 Nc6 11. Bb2 Bd6 12. Nbd2 Rc8 13. Rae1 Ne7 14. Ne5 c5 15.
c4 cxd4 16. Bxd4 Nf5 17. Bb2 Bxe5 18. Bxe5 Ng4 19. Rf3 19... Qh4 {kyu resigns}
0-1

[Event "ICS rated blitz match"]
[Site "207.99.5.190"]
[Date "1999.03.05"]
[Round "?"]
[White "athanas"]
[Black "Hossa"]
[Result "1-0"]
[WhiteElo "2179"]
[BlackElo "2371"]
[Annotator "Crafty v16.5"]
[PlyCount "151"]

{annotating for player Hossa using a scoring margin of +0.10 pawns. search
time limit is 20.00} 1. d4 1... Nf6 2. c4 g6 3. Nc3 Bg7 4. e4 d6 5. f3 O-O 6.
Bg5 Bd7 ({8:-0.15} 6... Bd7 7. Qd2 Nc6 8. O-O-O e5 9. d5 Nd4 10. Nge2 $10) ({
8:+0.16} 6... Nc6 7. Qd2 Ne8 8. d5 Nb4 9. Nb5 c5 10. Ne2 $10) 7. Bd3 Nc6 8.
Nge2 e5 ({9:-0.35} 8... e5 9. d5 Nb4 10. a3 Nxd3+ 11. Qxd3 Rc8 12. O-O c6 13.
b4 cxd5 14. Nxd5 $14) ({9:-0.18} 8... Nh5 9. d5 Nb4 10. O-O c6 11. Rb1 Nxd3 12.
Qxd3 cxd5 13. exd5 13... Rc8 $10) 9. d5 Nb4 10. Bb1 Rb8 ({9:-0.38} 10... Rb8
11. a3 Na6 12. O-O c6 13. Qd2 cxd5 14. Nxd5 Nc7 15. Nec3 Ncxd5 16. Nxd5 $14) ({
9:-0.18} 10... c6 11. dxc6 Bxc6 12. Qd2 a5 13. Ng3 Na6 14. O-O Qb6+ 15. Be3
15... Qc7 $10) 11. a3 Na6 12. O-O Qe7 ({8:-0.51} 12... Qe7 13. Nb5 Ra8 14. Be3
Bxb5 15. cxb5 Nc5 16. Bd3 16... Rad8 $14) ({8:-0.38} 12... c6 13. Bd3 Qe7 14.
Qd2 Nc5 15. Bc2 cxd5 16. Nxd5 16... Qe6 $14) 13. b4 Rbc8 ({9:-0.61} 13... Rbc8
14. Qd2 Nb8 15. Bd3 c6 16. Ng3 Na6 17. Rad1 cxd5 18. Nxd5 $14) ({9:-0.45} 13...
c6 14. dxc6 bxc6 15. Qd3 Rbd8 16. Rd1 Bc8 17. Bc2 Be6 18. c5 $14) 14. Qd2 Rfe8
15. Bd3 Qf8 ({9:-0.88} 15... Qf8 16. Qe3 Ra8 17. c5 dxc5 18. Bxa6 bxa6 19. bxc5
Bb5 20. Bxf6 20... Bxf6 $16) ({9:-0.72} 15... c6 16. Be3 cxd5 17. cxd5 Ra8 18.
Bxa6 bxa6 19. Bh6 Bxh6 20. Qxh6 Rac8 21. Rac1 $16) 16. Ng3 Rcd8 17. h4 Nb8 18.
Nce2 Rc8 19. Rac1 Na6 20. h5 Nxh5 21. Nxh5 gxh5 22. Ng3 f6 23. Be3 h4 24. Nf5
Bxf5 25. exf5 h3 26. gxh3 Kh8 27. Kh2 Qf7 28. Be4 Qh5 29. Rg1 Rg8 30. Rg4 Rce8
31. Rcg1 Re7 32. Qg2 Rf7 33. Qg3 Re7 34. Rh4 Qxh4 35. Qxh4 Rf7 36. Qh5 Re7 37.
Rg4 Rd7 38. Rh4 Bf8 39. Qe8 Rdg7 40. Rg4 Rxg4 41. hxg4 Bh6 42. Qxg8+ Kxg8 43.
Bxh6 Nb8 44. Kg3 Nd7 45. Kh4 Kf7 46. Be3 a6 47. c5 Nf8 48. Bd3 Nd7 49. a4 Ke7
50. c6 bxc6 51. dxc6 Nb8 52. Bxa6 Nxa6 53. b5 Nb4 54. a5 Nd5 55. Bd2 h5 56.
gxh5 Kf7 57. Kg4 Ne7 58. a6 Nc8 59. Be3 Ne7 60. a7 Nd5 61. Bf2 Nf4 62. a8=Q Nd3
63. Be3 d5 64. Qb7 d4 65. Bh6 Nf2+ 66. Kg3 Nh1+ 67. Kg2 Ke7 68. b6 Kd6 69.
Qxc7+ Kc5 70. b7 Nf2 71. Kxf2 Kd5 72. b8=Q Kc5 73. Qd6+ Kc4 74. c7 Kd3 75. c8=Q
e4 76. Qb3# 1-0

[Event "ICS rated blitz match"]
[Site "207.99.5.190"]
[Date "1999.03.05"]
[Round "?"]
[White "Hossa"]
[Black "marik"]
[Result "1-0"]
[WhiteElo "2347"]
[BlackElo "2097"]
[PlyCount "25"]

1. e4 d5 2. exd5 Nf6 3. Bb5+ Nbd7 4. Nc3 a6 5. Bxd7+ Qxd7 6. Qf3 Rb8 7. d3 b5
8. Bg5 Bb7 9. Bxf6 exf6 10. O-O-O Be7 11. Re1 O-O 12. Qh3 b4 13. Qxd7 {
marik resigns} 1-0

[Event "ICS rated blitz match"]
[Site "207.99.5.190"]
[Date "1999.03.05"]
[Round "?"]
[White "marik"]
[Black "Hossa"]
[Result "0-1"]
[WhiteElo "2095"]
[BlackElo "2353"]
[PlyCount "72"]

1. e4 e5 2. Nf3 Nc6 3. Bb5 a6 4. Ba4 b5 5. Bb3 Be7 6. c3 Nf6 7. Qe2 O-O 8. d4
exd4 9. cxd4 d5 10. e5 Bb4+ 11. Nbd2 Bg4 12. O-O Nxd4 13. Qe3 Bxf3 14. Qxd4 c5
15. Qh4 Bxd2 16. Bxd2 Ne4 17. Qxd8 Raxd8 18. Be3 Be2 19. Rfe1 Bd3 20. Rad1 c4
21. f3 d4 22. fxe4 dxe3 23. Rxe3 Rde8 24. Rd2 Rxe5 25. Bc2 Bxc2 26. Rxc2 f5 27.
Rce2 Rfe8 28. Kf2 fxe4 29. Ra3 R8e6 30. Ke3 Kf7 31. Rd2 Kg6 32. Rd7 Rg5 33. g3
Rf5 34. Ra7 Rf3+ 35. Kd4 Rxa3 36. bxa3 36... e3 {marik resigns} 0-1

[Event "ICS rated blitz match"]
[Site "207.99.5.190"]
[Date "1999.03.05"]
[Round "?"]
[White "Hossa"]
[Black "marik"]
[Result "0-1"]
[WhiteElo "2359"]
[BlackElo "2089"]
[Annotator "Crafty v16.5"]
[PlyCount "108"]

{annotating for player Hossa using a scoring margin of +0.10 pawns. search
time limit is 20.00} 1. e4 1... d5 2. exd5 Nf6 3. Bb5+ Nbd7 4. Nc3 ({9:+0.54} 
4. Nc3 4... a6 5. Bxd7+ Qxd7 6. Qf3 Qg4 7. h3 Qf5 8. d3 Qe5+ 9. Qe3 9... Qf5
$14) ({9:+0.92} 4. c4 4... a6 5. Ba4 e5 6. dxe6 fxe6 7. Nf3 Bc5 8. d4 8... Bd6
$16) 4... a6 5. Bxd7+ Qxd7 6. Qf3 Rb8 7. d3 b5 8. Bg5 ({9:+0.42} 8. Bg5 8...
Bb7 9. Bxf6 exf6 10. Nge2 b4 11. Qe3+ Be7 12. Ne4 O-O 13. c4 $14) ({9:+0.58} 8.
Nh3 8... Bb7 9. O-O Nxd5 10. Nxd5 Bxd5 11. Qh5 Rd8 12. Bf4 12... c5 $14) 8...
Bb7 9. Bxf6 exf6 10. O-O-O ({9:+0.30} 10. O-O-O 10... b4 11. Ne4 Bxd5 12. Qe3
Be7 13. Nc5 Qd6 14. Ne4 $10) ({9:+0.47} 10. a3 10... Rd8 11. Nge2 Bxd5 12. Qg3
Qe7 13. O-O Qe5 14. Nxd5 Qxg3 15. Nxg3 15... Rxd5 $14) 10... Be7 11. Re1 O-O
12. Qh3 f5 13. Re5 g6 14. a3 ({8:-1.32} 14. a3 14... Bf6 15. Re1 Bxc3 16. bxc3
Qxd5 17. Ne2 Qxg2 18. Qxg2 18... Bxg2 $17) ({8:-0.10} 14. Re2 14... b4 15. Nd1
Qxd5 16. Nf3 Bf6 17. Kb1 17... Bg7 $10) 14... Bf6 15. Re1 Bxd5 16. Nxd5 Qxd5
17. Ne2 b4 18. axb4 Rxb4 19. b3 Rfb8 20. Kd1 Qa5 21. Qe3 Qa2 22. Nc1 Qb2 23.
Re2 Bc3 24. Qa7 a5 25. Qxc7 a4 26. Re7 axb3 27. Re2 Qa1 28. cxb3 Rxb3 29. Ra2
Qb1 30. Ra7 Rf8 31. Ke2 Rb2+ 32. Kf3 Bd4 33. Ra4 Rxf2+ 34. Kg3 Qb2 35. Kh3 Rc2
36. Qf4 Bf6 37. Ra2 Qc3 38. Rxc2 Qxc2 39. Kg3 Re8 40. Kf3 Qc3 41. Qa4 Re1 42.
Rxe1 Qxe1 43. Nb3 Qf1+ 44. Kg3 Qxd3+ 45. Kf2 f4 46. Qxf4 Kg7 47. Qb4 h5 48. h3
h4 49. Qb7 Be5 50. Qc7 Bxc7 51. g3 Bxg3+ 52. Kg1 Qe2 53. Na1 Qf2+ 54. Kh1 Qf1#
0-1

[Event "ICS rated blitz match"]
[Site "207.99.5.190"]
[Date "1999.03.05"]
[Round "?"]
[White "Hossa"]
[Black "marik"]
[Result "1-0"]
[WhiteElo "2333"]
[BlackElo "2124"]
[PlyCount "45"]

1. e4 d5 2. exd5 Nf6 3. Bb5+ Nbd7 4. c4 a6 5. Ba4 b5 6. cxb5 Nxd5 7. Nc3 Nb4 8.
d4 Bb7 9. f3 axb5 10. Nxb5 e5 11. dxe5 Rxa4 12. Qxa4 Bc5 13. Qd1 O-O 14. a3 Nd5
15. Qe2 Nxe5 16. Kf1 Ba6 17. a4 Nc6 18. Qc4 Qe7 19. Qxd5 Re8 20. Bg5 Qe6 21.
Qxc5 h6 22. Bd2 Ne5 23. Re1 {marik resigns} 1-0

[Event "ICS rated blitz match"]
[Site "207.99.5.190"]
[Date "1999.03.05"]
[Round "?"]
[White "marik"]
[Black "Hossa"]
[Result "0-1"]
[WhiteElo "2117"]
[BlackElo "2340"]
[PlyCount "60"]

1. e4 e5 2. Nf3 Nc6 3. Bb5 a6 4. Ba4 b5 5. Bb3 Be7 6. O-O Nf6 7. c3 O-O 8. Re1
Bb7 9. d4 exd4 10. e5 Ne8 11. cxd4 b4 12. d5 Na5 13. Bc2 f6 14. b3 fxe5 15.
Nxe5 Bd6 16. Bb2 Nf6 17. Nd2 Bxd5 18. Ndc4 Nxc4 19. bxc4 Be6 20. Qd4 Qe7 21.
Nd3 c5 22. Qh4 Ng4 23. Qh3 Bxh2+ 24. Kh1 Be5 25. Rxe5 Nxe5 26. Qh5 Rf5 27. Qe2
Qh4+ 28. Kg1 Nf3+ 29. gxf3 Rg5+ 30. Kf1 30... Qh1# {marik checkmated} 0-1

[Event "ICS rated blitz match"]
[Site "207.99.5.190"]
[Date "1999.03.05"]
[Round "?"]
[White "Hossa"]
[Black "inmichess"]
[Result "0-1"]
[WhiteElo "2347"]
[BlackElo "2251"]
[Annotator "Crafty v16.5"]
[PlyCount "123"]

{annotating for player Hossa using a scoring margin of +0.10 pawns. search
time limit is 20.00} 1. e4 1... e5 2. Nf3 Nc6 3. Bc4 Nf6 4. Ng5 d5 5. exd5 b5
6. dxc6 bxc4 7. O-O Qd5 8. Re1 Bd6 9. Nf3 e4 10. Nc3 Qxc6 11. Qe2 ({9:+0.66} 
11. Qe2 11... Bb7 12. d3 cxd3 13. cxd3 Bb4 14. dxe4 Bxc3 15. bxc3 Qxc3 16. Bd2
$14) ({9:+1.05} 11. Ng5 11... O-O 12. Ncxe4 Nxe4 13. Nxe4 Re8 14. Qe2 Bf5 15.
f3 Bc5+ 16. Kf1 $16) 11... Be6 12. Nxe4 ({10:+1.23} 12. Nxe4 12... Qxe4 13.
Qxe4 Nxe4 14. Rxe4 O-O 15. Ng5 Bd5 16. Rd4 c6 17. f4 $16) ({10:+2.11} 12. Nd4
12... Qd7 13. Nxe6 Qxe6 14. Nxe4 Nxe4 15. Qxe4 Qxe4 16. Rxe4+ Kd7 17. Rg4 Be5
18. Rxc4 $18) 12... Nxe4 13. Qxe4 ({10:+1.07} 13. Qxe4 13... Qxe4 14. Rxe4 O-O
15. Ng5 Bd5 16. Rd4 Rae8 17. Kf1 c6 18. f4 $16) ({10:+1.31} 13. Nd4 13... Bxh2+
14. Kf1 Ng3+ 15. fxg3 Qc5 16. Qe3 O-O 17. Kf2 Bg4 18. Qe4 f5 19. Qe6+ 19... Rf7
$16) 13... Qxe4 14. Rxe4 O-O 15. Nd4 Bd5 16. Re3 Rfe8 17. c3 Bf4 18. Rxe8+ Rxe8
19. Nc2 c6 20. g3 Bd6 21. h4 a5 22. Kf1 a4 23. f4 h5 24. Kf2 g6 25. Kf1 f5 26.
Kf2 Bc5+ 27. Ne3 Be4 28. Kf1 Kf7 29. Ke1 Bd3 30. Kf2 Ke7 31. Kg2 Kd6 32. Kh2
Re7 33. Kg1 Ba7 34. Kg2 Bc5 35. Kf2 Ba7 36. Ke1 Bc5 37. a3 Ba7 38. Kf2 Bb6 39.
Kg2 Re4 40. Kf3 Re8 41. Ra2 Bb1 42. Nxc4+ Kc5 43. Nxb6 Bxa2 44. Nd7+ Kc4 45.
Kf2 Kd3 46. Nf6 Re7 47. g4 hxg4 48. h5 gxh5 49. Nxh5 Kc2 50. Ng3 Kxc1 51. Nxf5
Rf7 52. Nh6 Rxf4+ 53. Kg3 Rf1 54. Kg2 Rd1 55. Nxg4 Rxd2+ 56. Kg3 Kxb2 57. Ne5
c5 58. Kf4 Kxa3 59. Ke3 Rc2 60. Kf4 Rxc3 61. Nc6 Kb2 62. Kg4 0-1

[Event "ICS Rated blitz match"]
[Site "207.99.5.190"]
[Date "1999.03.05"]
[Round "?"]
[White "stranger"]
[Black "Hossa"]
[Result "0-1"]
[WhiteElo "2056"]
[BlackElo "2327"]
[PlyCount "52"]

1. e4 e5 2. Nf3 Nc6 3. Bc4 Bc5 4. O-O Nf6 5. h3 Nxe4 6. d3 Bxf2+ 7. Rxf2 Nxf2
8. Kxf2 d6 9. Bg5 f6 10. Be3 d5 11. Bb3 a5 12. a3 a4 13. Ba2 d4 14. Bd2 Bf5 15.
g4 Bd7 16. Qe2 Qe7 17. Bc1 h5 18. Nbd2 hxg4 19. hxg4 Bxg4 20. Kg3 Rh3+ 21. Kg2
O-O-O 22. Qe4 f5 23. Qe1 Rdh8 24. Bd5 Qd6 25. Bxc6 Qxc6 26. b4 26... Bxf3+ {
stranger resigns} 0-1

[Event "ICS rated blitz match"]
[Site "207.99.5.190"]
[Date "1999.03.05"]
[Round "?"]
[White "Hossa"]
[Black "marik"]
[Result "1-0"]
[WhiteElo "2348"]
[BlackElo "2158"]
[PlyCount "123"]

1. e4 d5 2. exd5 Nf6 3. Bb5+ Nbd7 4. c4 a6 5. Ba4 b5 6. cxb5 Nxd5 7. Nc3 Nb4 8.
d4 Bb7 9. f3 e5 10. dxe5 Bc5 11. bxa6 Bxa6 12. Qxd7+ Qxd7 13. Bxd7+ Kxd7 14.
Kd1 Kc6 15. Ne4 Rhd8+ 16. Bd2 Be3 17. Rc1+ Kb6 18. Rc3 Bxd2 19. Nxd2 Nxa2 20.
Rb3+ Kc6 21. Ke1 Rab8 22. f4 Rxb3 23. Nxb3 Rb8 24. Nf3 Kd5 25. Nbd2 Rxb2 26.
Kf2 Nc3 27. Re1 c5 28. f5 Bd3 29. e6 fxe6 30. fxe6 Bg6 31. Kg3 Rb6 32. Re5+ Kc6
33. Nh4 Rb8 34. Nxg6 hxg6 35. Kf4 Re8 36. Kg5 Nd5 37. Kxg6 Re7 38. Kf5 Nc7 39.
h4 c4 40. Nxc4 Nb5 41. Na5+ Kb6 42. Nb3 Nd6+ 43. Kg6 Nc4 44. Re2 Kc6 45. Nd4+
Kd5 46. Nf5 Rxe6+ 47. Rxe6 Kxe6 48. Nxg7+ Ke7 49. g3 Ne5+ 50. Kf5 Nf7 51. Nh5
Kf8 52. Kf6 Kg8 53. g4 Nh6 54. g5 Ng4+ 55. Ke6 Kh8 56. g6 Kg8 57. Ng3 Nh6 58.
h5 Ng4 59. Ne4 Kg7 60. Nd6 Kh6 61. Nf5+ Kxh5 62. g7 {marik resigns} 1-0

[Event "ICS rated blitz match"]
[Site "207.99.5.190"]
[Date "1999.03.05"]
[Round "?"]
[White "burlov"]
[Black "Hossa"]
[Result "1-0"]
[WhiteElo "2119"]
[BlackElo "2356"]
[Annotator "Crafty v16.5"]
[PlyCount "92"]

{annotating for player Hossa using a scoring margin of +0.10 pawns. search
time limit is 20.00} 1. e4 1... c5 2. Nf3 Nf6 3. e5 Nd5 4. Nc3 Nxc3 ({9:-0.69} 
4... Nxc3 5. dxc3 d6 6. Bc4 Nc6 7. O-O Bf5 8. Qe2 Bg4 9. e6 fxe6 10. Bxe6 Bxe6
11. Qxe6 $14) ({9:-0.50} 4... Nf4 5. d4 cxd4 6. Qxd4 Ne6 7. Qe4 Nc5 8. Qd5 Nba6
9. Bf4 $14) 5. bxc3 Qc7 6. d4 Nc6 7. Bd3 cxd4 8. cxd4 Nxd4 9. Nxd4 Qc3+ 10. Bd2
Qxd4 11. O-O Qxe5 12. Re1 Qc7 13. g3 d6 14. Qe2 Bd7 15. Be4 Bc6 16. Rab1 Rc8
17. Rb3 Bxe4 18. Qxe4 Qxc2 19. Qxb7 h5 20. Rc1 Qxc1+ 21. Bxc1 Rxc1+ 22. Kg2 f6
23. Qxa7 h4 24. Qe3 Rc7 25. Qe6 Rd7 26. Rb8+ Rd8 27. Rxd8+ Kxd8 28. a4 Kc7 29.
a5 Kc6 30. Qc8+ Kb5 31. a6 g6 32. Qb7+ Kc5 33. a7 Bg7 34. a8=Q Rxa8 35. Qxa8 f5
36. Qe8 Be5 37. Qxe7 hxg3 38. fxg3 Kd4 39. Kf3 Kc3 40. h4 Kd4 41. Qe6 d5 42.
Qxg6 Kc3 43. Qxf5 Bd4 44. h5 Kb2 45. Qxd5 Bc3 46. h6 Ka1 1-0

[Event "ICS rated blitz match"]
[Site "207.99.5.190"]
[Date "1999.03.06"]
[Round "?"]
[White "Hossa"]
[Black "LaDame"]
[Result "0-1"]
[WhiteElo "2342"]
[BlackElo "2258"]
[Annotator "Crafty v16.5"]
[PlyCount "126"]

{annotating for player Hossa using a scoring margin of +0.10 pawns. search
time limit is 20.00} 1. e4 1... c5 2. Bc4 Nf6 3. d3 Nc6 4. Nf3 Na5 5. e5 Nxc4
6. exf6 ({10:-0.02} 6. exf6 6... Na5 7. fxg7 Bxg7 8. O-O d6 9. d4 Bg4 10. dxc5
dxc5 11. Qe2 Rg8 12. Nc3 Bxc3 13. bxc3 $10) ({10:+0.36} 6. dxc4 6... Ng4 7. O-O
d6 8. exd6 Qxd6 9. Qxd6 exd6 10. Re1+ Be7 11. h3 Nf6 12. Nc3 $14) 6... Nb6 7.
fxg7 Bxg7 8. O-O d5 9. Re1 O-O 10. Kh1 ({9:-0.19} 10. Kh1 10... e6 11. Nbd2 Qd6
12. Kg1 f5 13. c4 Bd7 14. cxd5 $10) ({9:+0.10} 10. Nc3 10... e6 11. Ng5 h6 12.
Nf3 f5 13. Bf4 Bxc3 14. bxc3 14... Qf6 $10) 10... Re8 11. Nc3 e5 12. Bg5 Qd6
13. d4 ({9:-0.45} 13. d4 13... cxd4 14. Nxd4 Qg6 15. Nf3 Bg4 16. Qd2 Bxf3 17.
gxf3 Qf5 18. Kg2 $15) ({9:-0.03} 13. Kg1 13... Bg4 14. a4 f6 15. Bd2 a5 16. Nb5
Qe6 17. Qe2 $10) 13... cxd4 14. Nxd4 Qg6 15. Bd2 Bg4 16. Nde2 Bf5 17. Rc1 d4
18. Nb5 Nc4 19. Ng3 Bg4 20. f3 Qb6 21. fxg4 Qxb5 22. b3 Nxd2 23. Qxd2 Qa6 24.
c3 Qg6 25. g5 d3 26. Ne4 Rad8 27. Re3 f5 28. gxf6 Bh6 29. f7+ Kxf7 30. Qf2+ Kg7
31. Rg3 Rf8 32. Rxg6+ hxg6 33. Qxf8+ Kxf8 34. Rf1+ Ke7 35. g3 a5 36. Kg2 d2 37.
Rd1 Rd3 38. Kf2 Kf7 39. g4 Bf4 40. h4 Kg7 41. a4 b6 42. g5 Kf7 43. b4 Ke7 44.
bxa5 bxa5 45. h5 gxh5 46. g6 h4 47. c4 h3 48. c5 h2 49. Kg2 Re3 50. g7 Re1 51.
Nf2 Rxd1 52. Nxd1 Kf7 53. c6 e4 54. g8=Q+ Kxg8 55. Kh1 Kf7 56. c7 Bxc7 57. Kg2
Bf4 58. Kh1 e3 59. Nxe3 Bxe3 60. Kxh2 d1=Q 61. Kh3 Qg1 62. Kh4 Bf2+ 63. Kh5
Qg6# 0-1

[Event "ICS rated blitz match"]
[Site "207.99.5.190"]
[Date "1999.03.06"]
[Round "?"]
[White "ULTRAMODERNIST"]
[Black "Hossa"]
[Result "1-0"]
[WhiteElo "2057"]
[BlackElo "2338"]
[Annotator "Crafty v16.5"]
[PlyCount "67"]

{annotating for player Hossa using a scoring margin of +0.10 pawns. search
time limit is 20.00} 1. c4 1... e5 2. Nc3 Nf6 3. g3 Bd6 4. Bg2 O-O 5. e3 Nc6 6.
Nge2 Bb4 7. O-O d6 ({8:-0.50} 7... d6 8. d3 Nd7 9. Bxc6 bxc6 10. Qa4 c5 11. e4
11... Bb7 $14) ({8:-0.28} 7... Nh5 8. e4 f5 9. exf5 Bxc3 10. dxc3 Rxf5 11. Qd5+
Rf7 12. Be3 $10) 8. d4 Bg4 ({8:-0.12} 8... Bg4 9. d5 Ne7 10. Bd2 Qd7 11. Ne4
Nxe4 12. Bxb4 $10) ({8:+0.00} 8... exd4 9. exd4 Bg4 10. f3 Bf5 11. Bg5 h6 12.
Bf4 12... Re8 $10) 9. h3 exd4 10. exd4 Bxc3 ({8:-0.29} 10... Bxc3 11. hxg4 Bb4
12. g5 Nd7 13. a3 Ba5 14. Bf4 $10) ({8:-0.01} 10... Bh5 11. Be3 Re8 12. Qb3 a5
13. d5 Bxe2 14. Nxe2 14... Ne5 $10) 11. bxc3 Bxe2 ({9:-0.18} 11... Bxe2 12.
Qxe2 Re8 13. Qd3 Qe7 14. Be3 Rab8 15. Rae1 Ne4 16. d5 $10) ({9:+0.08} 11... Bf5
12. Bg5 h6 13. Bxf6 Qxf6 14. Nf4 Rae8 15. Nd5 Qd8 16. Re1 $10) 12. Qxe2 Re8 13.
Qd3 Nd7 14. Rb1 Nb6 ({9:-0.38} 14... Nb6 15. Be4 h6 16. c5 dxc5 17. dxc5 Qxd3
18. Bxd3 Ne5 19. cxb6 Nxd3 20. bxc7 $14) ({9:-0.23} 14... Rb8 15. Bf4 Nb6 16.
Rb5 Qd7 17. Rh5 h6 18. c5 dxc5 19. Rxc5 $10) 15. h4 Qc8 16. Be4 h6 17. Bf5 Qb8
18. Bf4 Na5 19. c5 dxc5 20. dxc5 Nbc4 21. c6 b6 22. Bd7 Rf8 23. Rfe1 a6 24. g4
Ra7 25. g5 hxg5 26. hxg5 Na3 27. Rb4 Rd8 28. Qe4 Ra8 29. Kg2 g6 30. Rd4 Nb5 31.
Rd3 Qa7 32. Rh1 Nd6 33. Be5 Nxe4 34. Rh8# 1-0

[Event "ICS rated blitz match"]
[Site "207.99.5.190"]
[Date "1999.03.06"]
[Round "?"]
[White "Hossa"]
[Black "DrHugoELO"]
[Result "1-0"]
[WhiteElo "2319"]
[BlackElo "2141"]
[PlyCount "137"]

1. e4 c5 2. Bc4 e6 3. Nc3 a6 4. d3 b5 5. Bb3 Bb7 6. Nf3 d6 7. O-O Be7 8. Bd2
Nd7 9. a4 b4 10. Na2 Ngf6 11. Rb1 O-O 12. Rc1 a5 13. Bf4 d5 14. e5 Nh5 15. Be3
g6 16. Re1 Qc7 17. Bh6 Ng7 18. c3 Qb6 19. cxb4 cxb4 20. Bxg7 Kxg7 21. d4 Rfc8
22. Qd2 Ba6 23. Rxc8 Rxc8 24. Rc1 Bd8 25. Rxc8 Bxc8 26. Qc1 Qc7 27. Qf4 Ba6 28.
Nc1 Bc4 29. Bd1 Qc6 30. b3 Ba6 31. Ng5 Bxg5 32. Qxg5 Qc3 33. Qe3 Qxe3 34. fxe3
f6 35. exf6+ Kxf6 36. Kf2 e5 37. Bg4 Nb6 38. Be2 Bc8 39. Nd3 exd4 40. exd4 Nd7
41. Bf3 Bb7 42. h4 h6 43. Ke3 g5 44. Bg4 Nb6 45. g3 Ba6 46. Nc5 gxh4 47. Nxa6
Nxa4 48. bxa4 hxg3 49. Nc5 Kg5 50. Bf3 h5 51. Bxd5 h4 52. Kf3 Kf5 53. Nb7 Kg5
54. Nxa5 Kf6 55. Kg4 Ke7 56. Nc6+ Kd6 57. Nxb4 h3 58. Kxh3 g2 59. Kxg2 Kc7 60.
a5 Kb8 61. a6 Ka7 62. Be6 Kb6 63. d5 Kc7 64. a7 Kb7 65. Nc6 Ka8 66. d6 Kb7 67.
d7 Ka8 68. d8=Q+ Kb7 69. a8=Q# {DrHugoELO checkmated} 1-0